[Event "Innsbruck op-B 3rd"]
[Site "Innsbruck"]
[Date "2019.08.25"]
[Round "1"]
[White "Kublanov, Carolin"]
[Black "Nixdorf, Andre"]
[Result "1/2-1/2"]
[WhiteElo "1703"]
[BlackElo "1936"]
[PlyCount "67"]
[EventDate "2019.08.25"]
[EventType "swiss"]
[EventRounds "9"]
[EventCountry "AUT"]
[SourceTitle "EXT 2020"]
[Source "ChessBase"]
[SourceDate "2019.10.17"]
[SourceVersion "1"]
[SourceVersionDate "2019.10.17"]
[SourceQuality "1"]

1. d4 d5 2. Nf3 Nf6 3. e3 Bf5 4. Bd3 Bxd3 5. cxd3 e6 6. 0-0 c5 7. dxc5 Bxc5 8. b3 Nc6 9. d4 Be7 10. Bb2 0-0 11. Ne5 Rc8 12. a3 Nxe5 13. dxe5 Nd7 14. Nd2 Qc7 15. Rc1 Qb8 16. Qh5 Rxc1 17. Rxc1 Rc8 18. Qd1 Rc7 19. f4 Qc8 20. Nf3 Rxc1 21. Qxc1 Qxc1+ 22. Bxc1 Nc5 23. b4 Ne4 24. Nd4 a6 25. Kf1 h5 26. Ke2 g6 27. Kf3 Kf8 28. Ke2 Ke8 29. Kf3 Kd7 30. Ke2 Kc7 31. Kd3 Kb6 32. Nb3 Kb5 33. Bb2 Kc6 34. Nd4+ 1/2-1/2

[Event "Dortmund Sparkassen op-B 47th"]
[Site "Dortmund"]
[Date "2019.07.15"]
[Round "3"]
[White "Besou, Hussain"]
[Black "Kublanov, Carolin"]
[Result "1-0"]
[WhiteElo "1832"]
[BlackElo "1670"]
[PlyCount "57"]
[EventDate "2019.07.13"]
[EventType "swiss"]
[EventRounds "9"]
[EventCountry "GER"]
[SourceTitle "CBM 192 Extra"]
[Source "Chessbase"]
[SourceDate "2019.11.06"]
[SourceVersion "1"]
[SourceVersionDate "2019.11.06"]
[SourceQuality "1"]

1. c4 e6 2. d4 d5 3. Nf3 Nf6 4. Bg5 Be7 5. Nc3 0-0 6. e3 Nbd7 7. Bd3 b6 8. 0-0 Bb7 9. cxd5 exd5 10. Rc1 c5 11. Bf4 Ne4 12. Nd2 Ndf6 13. f3 Nxd2 14. Qxd2 Nh5 15. Be5 f6 16. Bg3 Nxg3 17. hxg3 Qc7 18. Qf2 a6 19. Bf5 Qd6 20. Ne2 Rae8 21. Nf4 Bd8 22. Rfd1 c4 23. Re1 b5 24. Qc2 h6 25. Bg6 Re7 26. Bh7+ Kh8 27. Ng6+ Kxh7 28. Nxf8+ Kh8 29. Ng6+ 1-0

[Event "GER-ch U25-B"]
[Site "Willingen"]
[Date "2019.06.14"]
[Round "8"]
[White "Kublanov, Carolin"]
[Black "Seliokaite, Ana"]
[Result "1-0"]
[WhiteElo "1748"]
[BlackElo "1464"]
[PlyCount "55"]
[EventDate "2019.06.08"]
[EventType "swiss"]
[EventRounds "9"]
[EventCountry "GER"]
[SourceTitle "CBM 191 Extra"]
[Source "ChessBase"]
[SourceDate "2019.09.30"]
[SourceVersion "1"]
[SourceVersionDate "2019.09.30"]
[SourceQuality "1"]

1. d4 Nf6 2. Nf3 g6 3. Nbd2 d5 4. e3 Bg7 5. b3 0-0 6. Bb2 Nbd7 7. Bd3 c5 8. 0-0 b6 9. Ne5 Nxe5 10. dxe5 Ng4 11. Nf3 Qc7 12. Rb1 Nxe5 13. Nxe5 Bxe5 14. Bxe5 Qxe5 15. Qd2 Bb7 16. f4 Qf6 17. f5 Qg5 18. Rf3 d4 19. Rg3 Qf6 20. e4 Qe5 21. Rf1 Kg7 22. Rh3 Rh8 23. Qh6+ Kg8 24. Bc4 Qxe4 25. Rg3 Bd5 26. Bxd5 Qxd5 27. fxg6 hxg6 28. Rxg6+ 1-0

[Event "GER-ch U25-B"]
[Site "Willingen"]
[Date "2019.06.12"]
[Round "5"]
[White "Bartelt, Max Peter"]
[Black "Kublanov, Carolin"]
[Result "1/2-1/2"]
[WhiteElo "1789"]
[BlackElo "1748"]
[PlyCount "50"]
[EventDate "2019.06.08"]
[EventType "swiss"]
[EventRounds "9"]
[EventCountry "GER"]
[SourceTitle "CBM 191 Extra"]
[Source "ChessBase"]
[SourceDate "2019.09.30"]
[SourceVersion "1"]
[SourceVersionDate "2019.09.30"]
[SourceQuality "1"]

1. d4 d5 2. Nf3 Nf6 3. g3 e6 4. Bg2 b6 5. 0-0 Bb7 6. c4 Nbd7 7. b3 Bd6 8. Bb2 0-0 9. Ne5 c5 10. e3 Qc7 11. f4 Ne4 12. Nc3 a6 13. Qd3 Ndf6 14. Rad1 Nxc3 15. Bxc3 Ne4 16. f5 Bxe5 17. dxe5 dxc4 18. Qxc4 b5 19. Qd3 Rad8 20. Qc2 Rxd1 21. Rxd1 exf5 22. Bxe4 Bxe4 23. Qd2 b4 24. Bb2 Bc6 25. Qc2 Be4 1/2-1/2

[Event "GER-ch U25-B"]
[Site "Willingen"]
[Date "2019.06.09"]
[Round "2"]
[White "Kublanov, Carolin"]
[Black "Schneider, Anna"]
[Result "0-1"]
[WhiteElo "1748"]
[BlackElo "1589"]
[PlyCount "52"]
[EventDate "2019.06.08"]
[EventType "swiss"]
[EventRounds "9"]
[EventCountry "GER"]
[SourceTitle "CBM 191 Extra"]
[Source "ChessBase"]
[SourceDate "2019.09.30"]
[SourceVersion "1"]
[SourceVersionDate "2019.09.30"]
[SourceQuality "1"]

1. e4 e5 2. Nf3 Nc6 3. Bc4 Bc5 4. b4 Bb6 5. b5 Nd4 6. Nxe5 Qg5 7. Ng4 d5 8. Bxd5 Bxg4 9. d3 Bxd1 10. Bxg5 Bxc2 11. Kd2 Ne7 12. Nc3 Ba5 13. a4 Bb3 14. Bxb7 Rb8 15. Ba6 Be6 16. Rab1 f6 17. Be3 Rd8 18. Bb7 0-0 19. f4 Rd7 20. h3 Rfd8 21. Rhd1 f5 22. e5 Bb3 23. Rdc1 Ba2 24. Rb2 Nb3+ 25. Kc2 Nxc1 26. Kxc1 Bxc3 0-1

[Event "Regionalliga West 1718 (Women)"]
[Site "Germany"]
[Date "2018.02.18"]
[Round "5.3"]
[White "Kublanov, Carolin"]
[Black "Rudolph, Eva"]
[Result "0-1"]
[WhiteElo "1778"]
[BlackElo "1763"]
[PlyCount "74"]
[EventDate "2017.10.15"]
[EventType "team-tourn"]
[EventRounds "5"]
[EventCountry "GER"]
[SourceTitle "CBM 183 Extra"]
[Source "ChessBase"]
[SourceDate "2018.04.19"]
[SourceVersion "1"]
[SourceVersionDate "2018.04.19"]
[SourceQuality "1"]
[WhiteTeam "Solingen (W)"]
[BlackTeam "Hemer (W)"]
[WhiteTeamCountry "GER"]
[BlackTeamCountry "GER"]

1. d4 d5 2. Nf3 e6 3. e3 Nf6 4. Bd3 Bd6 5. 0-0 0-0 6. b3 c5 7. Bb2 Nc6 8. a3 b6 9. Nbd2 Qc7 10. dxc5 bxc5 11. Bxf6 gxf6 12. c4 Ne5 13. Nxe5 Bxe5 14. Bxh7+ Kxh7 15. Qh5+ Kg7 16. Qg4+ Kh7 17. f4 Rg8 18. Qh4+ Kg7 19. fxe5 Qxe5 20. Rae1 Qg5 21. Qf2 Kf8 22. e4 d4 23. e5 Bb7 24. Ne4 Bxe4 25. Rxe4 f5 26. Re2 Qg4 27. Kh1 Rb8 28. h3 Qg3 29. Qf3 Rxb3 30. Qa8+ Kg7 31. Qxa7 Re3 32. Rxe3 dxe3 33. Rf3 Qxe5 34. Qe7 f4 35. Qh4 e2 36. Re3 fxe3 37. Qg4+ Kf8 0-1

[Event "Dortmund Sparkassen op-B 44th"]
[Site "Dortmund"]
[Date "2016.07.15"]
[Round "7"]
[White "Kublanov, Carolin"]
[Black "Brock, Udo"]
[Result "1/2-1/2"]
[WhiteElo "1702"]
[BlackElo "1593"]
[PlyCount "63"]
[EventDate "2016.07.09"]
[EventType "swiss"]
[EventRounds "9"]
[EventCountry "GER"]
[SourceTitle "CBM 173 Extra"]
[Source "ChessBase"]
[SourceDate "2016.08.29"]
[SourceVersion "1"]
[SourceVersionDate "2016.08.29"]
[SourceQuality "1"]

1. e4 e6 2. d4 d5 3. Nd2 Nf6 4. e5 Nfd7 5. Ngf3 c5 6. c3 Nc6 7. Be2 Be7 8. 0-0 0-0 9. Qc2 f6 10. exf6 Bxf6 11. Bd3 g6 12. Bxg6 hxg6 13. Qxg6+ Kh8 14. Nb3 Qe7 15. Bh6 Qf7 16. Qg4 Rg8 17. Qh3 Qg6 18. Rfe1 e5 19. Bf8+ Qh7 20. Qxh7+ Kxh7 21. Bxc5 Nxc5 22. dxc5 Bg4 23. Nfd2 e4 24. Kf1 Raf8 25. h3 Bh4 26. hxg4 Rxf2+ 27. Kg1 Rxg4 28. Re3 Rgxg2+ 29. Kh1 Rh2+ 30. Kg1 Rfg2+ 31. Kf1 Rf2+ 32. Kg1 1/2-1/2

[Event "GER-ch U25-A"]
[Site "Willingen"]
[Date "2016.05.17"]
[Round "5"]
[White "Leser, Stefan"]
[Black "Kublanov, Carolin"]
[Result "1/2-1/2"]
[WhiteElo "1708"]
[BlackElo "1541"]
[PlyCount "87"]
[EventDate "2016.05.15"]
[EventType "swiss"]
[EventRounds "9"]
[EventCountry "GER"]
[SourceTitle "CBM 172 Extra"]
[Source "ChessBase"]
[SourceDate "2016.06.21"]
[SourceVersion "1"]
[SourceVersionDate "2016.06.21"]
[SourceQuality "1"]

1. e4 e5 2. Nf3 Nc6 3. d4 exd4 4. Nxd4 Bc5 5. Nb3 Bb6 6. Nc3 d6 7. Qe2 Nf6 8. Bg5 h6 9. Be3 0-0 10. 0-0-0 Re8 11. f3 Bd7 12. g4 d5 13. Nxd5 Nxd5 14. Rxd5 Nb4 15. Rd1 Nxa2+ 16. Kb1 Nb4 17. Nc5 Bxc5 18. Bxc5 a5 19. Bh3 Qg5 20. Qf2 Ba4 21. b3 Bb5 22. f4 Qg6 23. f5 Qa6 24. Qd4 Bc6 25. Rhe1 b6 26. Bxb4 axb4 27. Qb2 Bxe4 28. Bf1 b5 29. Bd3 Bxd3 30. Rxe8+ Rxe8 31. cxd3 Qa3 32. Qxa3 bxa3 33. Rd2 b4 34. Rc2 Re1+ 35. Ka2 Rd1 36. Rc4 Rd2+ 37. Ka1 Rxd3 38. Rxb4 Kf8 39. Ka2 Rd2+ 40. Kxa3 Rxh2 41. Rc4 Rg2 42. Rxc7 Rxg4 43. b4 Re4 44. b5 1/2-1/2

[Event "GER-ch U25 op-B"]
[Site "Willingen"]
[Date "2015.05.30"]
[Round "9"]
[White "Arnold, Leander"]
[Black "Kublanov, Carolin"]
[Result "1-0"]
[WhiteElo "1582"]
[BlackElo "1408"]
[PlyCount "145"]
[EventDate "2015.05.24"]
[EventType "swiss"]
[EventRounds "9"]
[EventCountry "GER"]
[SourceTitle "CBM 166 Extra"]
[Source "ChessBase"]
[SourceDate "2015.06.18"]
[SourceVersion "1"]
[SourceVersionDate "2015.06.18"]
[SourceQuality "1"]

1. d4 d5 2. Nf3 Nf6 3. e3 Bg4 4. Bd3 e6 5. Nbd2 Bd6 6. 0-0 0-0 7. c3 Nbd7 8. e4 dxe4 9. Nxe4 Be7 10. Ng3 e5 11. h3 Bxf3 12. Qxf3 exd4 13. cxd4 c6 14. Nf5 Re8 15. Qg3 Nh5 16. Qg4 Ndf6 17. Qf3 Qd5 18. Qd1 g6 19. Nh6+ Kh8 20. g4 Ng7 21. Bc2 c5 22. dxc5 Qxd1 23. Rxd1 Rf8 24. Bb3 Ne6 25. Nxf7+ Rxf7 26. Bxe6 Rff8 27. b4 Ne4 28. Bb2+ Bf6 29. Bxf6+ Rxf6 30. Bd5 Nxf2 31. Rf1 Nxh3+ 32. Kh2 Rxf1 33. Rxf1 Ng5 34. Bxb7 Rd8 35. c6 Rd2+ 36. Kh1 Rc2 37. Rf4 Kg7 38. b5 Ne6 39. Re4 Ng5 40. Rf4 Ne6 41. Rf3 Nd4 42. Rf4 Ne6 43. Re4 Ng5 44. Re3 Kf6 45. Bc8 h5 46. gxh5 gxh5 47. a4 h4 48. a5 Nf7 49. Bd7 Ne5 50. b6 axb6 51. axb6 Rxc6 52. Bxc6 Nxc6 53. b7 Kg5 54. Re8 Kg4 55. b8Q Nxb8 56. Rxb8 Kg3 57. Rb3+ Kg4 58. Kh2 Kf4 59. Kh3 Ke4 60. Kxh4 Kd4 61. Rb5 Kc4 62. Rf5 Kd4 63. Kg5 Ke4 64. Kf6 Kd4 65. Ra5 Ke4 66. Rh5 Kd4 67. Ke6 Kc4 68. Kd6 Kb4 69. Kc6 Ka4 70. Rb5 Ka3 71. Kc5 Ka4 72. Rb8 Ka5 73. Ra8# 1-0

[Event "GER-ch U25 op-B"]
[Site "Willingen"]
[Date "2015.05.27"]
[Round "6"]
[White "Bilau, Max"]
[Black "Kublanov, Carolin"]
[Result "0-1"]
[WhiteElo "1484"]
[BlackElo "1408"]
[PlyCount "75"]
[EventDate "2015.05.24"]
[EventType "swiss"]
[EventRounds "9"]
[EventCountry "GER"]
[SourceTitle "CBM 166 Extra"]
[Source "ChessBase"]
[SourceDate "2015.06.18"]
[SourceVersion "1"]
[SourceVersionDate "2015.06.18"]
[SourceQuality "1"]

1. e4 e5 2. Bc4 Nf6 3. d3 Nc6 4. Nc3 Be7 5. f4 d6 6. Nf3 Be6 7. Bxe6 fxe6 8. fxe5 Nxe5 9. Nxe5 dxe5 10. Bd2 0-0 11. Qe2 Qd6 12. 0-0-0 c5 13. g4 Qc6 14. h4 b5 15. g5 Nd7 16. Rdf1 b4 17. Nd1 a5 18. h5 a4 19. g6 h6 20. Rxf8+ Rxf8 21. Rf1 Nf6 22. Be3 c4 23. Kb1 c3 24. Qh2 Ng4 25. Rxf8+ Kxf8 26. Qg3 Nxe3 27. Qxe3 cxb2 28. Nxb2 a3 29. Nc4 Qc5 30. Kc1 Bg5 31. Qxg5 hxg5 32. Kd2 Qf2+ 33. Kd1 Qf3+ 34. Kd2 Qxh5 35. Na5 g4 36. Nc6 g3 37. Nxb4 g2 38. Nc6 0-1

[Event "GER-chT U18 Girls"]
[Site "Karlsruhe"]
[Date "2015.05.09"]
[Round "6.1"]
[White "Krein, Jana"]
[Black "Kublanov, Carolin"]
[Result "1-0"]
[WhiteElo "1576"]
[BlackElo "1408"]
[PlyCount "69"]
[EventDate "2015.05.07"]
[EventType "team-swiss"]
[EventRounds "7"]
[EventCountry "GER"]
[SourceTitle "EXT 2017"]
[Source "ChessBase"]
[SourceDate "2016.10.25"]
[SourceVersion "1"]
[SourceVersionDate "2016.10.25"]
[SourceQuality "1"]
[WhiteTeam "Trier (W)"]
[BlackTeam "Humboldt Gymn (W)"]
[WhiteTeamCountry "GER"]
[BlackTeamCountry "GER"]

1. e4 e5 2. Nf3 Nc6 3. Bb5 Bc5 4. c3 Nf6 5. 0-0 Nxe4 6. Qe2 Nxf2 7. d4 Nh3+ 8. gxh3 Bb6 9. Bxc6 dxc6 10. Qxe5+ Kf8 11. Ng5 f6 12. Ne6+ Bxe6 13. Qxe6 c5 14. dxc5 Bxc5+ 15. Be3 Bd6 16. Nd2 c6 17. Rae1 Qc7 18. Rf2 Re8 19. Qf5 Bxh2+ 20. Rxh2 Qg3+ 21. Kf1 Qxh2 22. Bc5+ Kf7 23. Qd7+ Kg6 24. Rxe8 Qf4+ 25. Ke1 Rxe8+ 26. Qxe8+ Kh6 27. Be3 Qxe3+ 28. Qxe3+ g5 29. Nf3 a5 30. Kf2 b5 31. h4 Kh5 32. hxg5 f5 33. g6 Kg4 34. Qg5+ Kh3 35. Qh4# 1-0

[Event "GER-chT U18 Girls"]
[Site "Karlsruhe"]
[Date "2015.05.08"]
[Round "3.1"]
[White "Kublanov, Carolin"]
[Black "Shevchenko, Alyona"]
[Result "1-0"]
[WhiteElo "1408"]
[BlackElo "941"]
[PlyCount "79"]
[EventDate "2015.05.07"]
[EventType "team-swiss"]
[EventRounds "7"]
[EventCountry "GER"]
[SourceTitle "EXT 2017"]
[Source "ChessBase"]
[SourceDate "2016.10.25"]
[SourceVersion "1"]
[SourceVersionDate "2016.10.25"]
[SourceQuality "1"]
[WhiteTeam "Humboldt Gymn (W)"]
[BlackTeam "Karlsruhe GG (W)"]
[WhiteTeamCountry "GER"]
[BlackTeamCountry "GER"]

1. d4 e5 2. dxe5 f6 3. exf6 Nxf6 4. Bg5 Bc5 5. e3 Nc6 6. Bxf6 Qxf6 7. Qh5+ g6 8. Qxc5 Qxb2 9. Qc3 Qxc3+ 10. Nxc3 b6 11. Nd5 Kd8 12. Nf3 Bb7 13. Ng5 Rf8 14. Nxh7 Rf5 15. e4 Re5 16. f3 Nd4 17. 0-0-0 Bxd5 18. exd5 Rxd5 19. c3 Rc5 20. Rxd4 Rxc3+ 21. Kb2 Rc5 22. Re4 d5 23. Rf4 d4 24. Rf8+ Ke7 25. Rxa8 Rh5 26. Rxa7 Kd7 27. Nf6+ Kd6 28. Nxh5 gxh5 29. f4 c5 30. Rh7 d3 31. Bxd3 Kd5 32. Rxh5+ Kd4 33. Bb5 c4 34. Rd1+ Ke4 35. Rh3 Kxf4 36. Re1 Kf5 37. Rf3+ Kg4 38. Re8 Kg5 39. Rg8+ Kh4 40. Rh3# 1-0

[Event "GER-chT U14 Girls"]
[Site "Regensburg"]
[Date "2014.12.27"]
[Round "2.3"]
[White "Kublanov, Carolin"]
[Black "Flach, Helene"]
[Result "0-1"]
[WhiteElo "1328"]
[BlackElo "1584"]
[PlyCount "54"]
[EventDate "2014.12.27"]
[EventType "team-swiss"]
[EventRounds "7"]
[EventCountry "GER"]
[SourceTitle "EXT 2016"]
[Source "ChessBase"]
[SourceDate "2015.10.08"]
[SourceVersion "1"]
[SourceVersionDate "2015.10.08"]
[SourceQuality "1"]
[WhiteTeam "Solingen"]
[BlackTeam "Langen"]
[WhiteTeamCountry "GER"]
[BlackTeamCountry "GER"]

1. e4 c5 2. Nf3 e6 3. Nc3 a6 4. Be2 b5 5. 0-0 Bb7 6. d3 Nf6 7. Bg5 Be7 8. Re1 d5 9. e5 Nfd7 10. Bxe7 Qxe7 11. d4 Nc6 12. Nb1 cxd4 13. Nxd4 Ncxe5 14. Bg4 0-0 15. f4 Nxg4 16. Qxg4 Qb4 17. c3 Qxb2 18. Nb3 Qc2 19. Nd4 Qg6 20. Qh3 Nc5 21. f5 Qf6 22. fxe6 fxe6 23. Nf3 Ne4 24. Rf1 Qf5 25. Qh4 Rf6 26. Nbd2 Nxc3 27. Qg3 Ne2+ 0-1

[Event "GER-chT U14 Girls"]
[Site "Magdeburg"]
[Date "2013.12.28"]
[Round "4.2"]
[White "Dorendorf, Lena"]
[Black "Kublanov, Carolin"]
[Result "0-1"]
[WhiteElo "1160"]
[BlackElo "1492"]
[PlyCount "118"]
[EventDate "2013.12.27"]
[EventType "team-swiss"]
[EventRounds "4"]
[EventCountry "GER"]
[SourceTitle "EXT 2015"]
[Source "ChessBase"]
[SourceDate "2014.11.20"]
[SourceVersion "1"]
[SourceVersionDate "2014.11.20"]
[SourceQuality "1"]
[WhiteTeam "Gadebusch"]
[BlackTeam "Solingen"]
[WhiteTeamCountry "GER"]
[BlackTeamCountry "GER"]

1. e4 e5 2. Nf3 Nc6 3. Nc3 Nf6 4. Bb5 a6 5. Bxc6 dxc6 6. Nxe5 Qe7 7. d4 Nxe4 8. Nxe4 f6 9. Bf4 fxe5 10. Bxe5 Bf5 11. Qf3 Bxe4 12. Qxe4 0-0-0 13. c3 Qd7 14. 0-0 Bd6 15. Rfd1 Bxe5 16. Qxe5 Rhe8 17. Qc5 Kb8 18. a4 Re2 19. Qh5 Rde8 20. Qxh7 Rxb2 21. h3 Ree2 22. Rf1 Qf7 23. Qh4 Rbc2 24. Ra3 g5 25. Qg3 Qe7 26. Raa1 c5 27. Qd3 Qf6 28. Qf3 Qxf3 29. gxf3 Rxc3 30. dxc5 Rxc5 31. Kg2 Rc4 32. Ra3 c6 33. Rfa1 Rcc2 34. Rf1 Rc4 35. Rfa1 Kc7 36. a5 Rc5 37. Rb1 Rd5 38. Ra4 Rdd2 39. Rf1 Kd6 40. f4 gxf4 41. Rxf4 Ra2 42. Rf5 c5 43. Rb1 Reb2 44. Rxb2 Rxb2 45. Rf4 Ra2 46. h4 Rxa5 47. h5 c4 48. h6 Rh5 49. Rf6+ Ke7 50. Rb6 Kd8 51. f4 c3 52. Rb1 Rxh6 53. Rc1 Rc6 54. Kf2 b5 55. Ke2 b4 56. Kd3 a5 57. Rc2 a4 58. Ke2 b3 59. Rc1 b2 0-1

[Event "GER-chT U14 Girls"]
[Site "Magdeburg"]
[Date "2012.12.28"]
[Round "3.3"]
[White "Kublanov, Carolin"]
[Black "Joers, Pia Milena"]
[Result "1/2-1/2"]
[WhiteElo "1107"]
[BlackElo "1132"]
[PlyCount "130"]
[EventDate "2012.12.27"]
[EventType "team-swiss"]
[EventRounds "7"]
[EventCountry "GER"]
[SourceTitle "EXT 2014"]
[Source "ChessBase"]
[SourceDate "2013.11.20"]
[SourceVersion "1"]
[SourceVersionDate "2013.11.20"]
[SourceQuality "1"]
[WhiteTeam "Solingen"]
[BlackTeam "Guestrow/Teterow"]
[WhiteTeamCountry "GER"]
[BlackTeamCountry "GER"]

1. e4 e5 2. Nf3 Nc6 3. Nc3 Nf6 4. Bc4 Nxe4 5. Bxf7+ Kxf7 6. Nxe4 Be7 7. 0-0 d5 8. Nc3 Bf6 9. Ne2 Re8 10. d4 e4 11. Nd2 Nxd4 12. Nxd4 Bxd4 13. Nb3 Be5 14. Qh5+ Kg8 15. Bg5 Qd7 16. Nc5 Qf7 17. Qxf7+ Kxf7 18. Rfd1 c6 19. Rab1 Kg8 20. Re1 Bd4 21. Nb3 Bb6 22. Be3 Bc7 23. Nc5 b6 24. Nb3 Ba6 25. Rbd1 Bc4 26. h3 Be5 27. c3 Rab8 28. Nc1 a5 29. b3 Bxc3 30. bxc4 Bxe1 31. Rxe1 dxc4 32. Bf4 Rbd8 33. Bc7 Rd2 34. Bxb6 Re5 35. f4 exf3 36. Rxe5 Rd1+ 37. Kf2 Rxc1 38. Kxf3 a4 39. Ra5 c3 40. Rxa4 c2 41. Rc4 Rf1+ 42. Ke2 c1Q 43. Rxc1 Rxc1 44. a4 Rb1 45. Bc7 Ra1 46. a5 c5 47. Kd3 c4+ 48. Kxc4 Rc1+ 49. Kb5 Rxc7 50. Kb6 Rf7 51. a6 Rf6+ 52. Kb7 Rxa6 53. Kxa6 g5 54. Kb5 Kg7 55. Kc4 h5 56. Kd3 Kf6 57. g3 Kf5 58. Ke3 g4 59. hxg4+ Kxg4 60. Kf2 Kg5 61. Kg2 Kf5 62. Kh3 Kg5 63. Kg2 Kg4 64. Kh2 h4 65. gxh4 Kxh4 1/2-1/2

[Event "GER-chT U14 Girls"]
[Site "Magdeburg"]
[Date "2012.12.27"]
[Round "2.3"]
[White "Hinzke, Anna Lena"]
[Black "Kublanov, Carolin"]
[Result "1-0"]
[WhiteElo "1458"]
[BlackElo "1107"]
[PlyCount "97"]
[EventDate "2012.12.27"]
[EventType "team-swiss"]
[EventRounds "7"]
[EventCountry "GER"]
[SourceTitle "EXT 2014"]
[Source "ChessBase"]
[SourceDate "2013.11.20"]
[SourceVersion "1"]
[SourceVersionDate "2013.11.20"]
[SourceQuality "1"]
[WhiteTeam "Oesede Georgsmarienhuette"]
[BlackTeam "Solingen"]
[WhiteTeamCountry "GER"]
[BlackTeamCountry "GER"]

1. e4 e5 2. Nf3 Nc6 3. Bb5 Nf6 4. d3 d6 5. c3 Be6 6. Nbd2 d5 7. Nxe5 Qd6 8. Nef3 a6 9. e5 Qe7 10. exf6 Qxf6 11. Bxc6+ bxc6 12. 0-0 Bd6 13. Re1 0-0 14. Nf1 h6 15. Ng3 Rfd8 16. Nd4 c5 17. Nxe6 fxe6 18. Qg4 Bxg3 19. Qxg3 Rf8 20. f3 d4 21. c4 c6 22. Qe5 Qxe5 23. Rxe5 Rf6 24. Rxc5 Rc8 25. Bd2 Kf7 26. b4 Ke7 27. b5 axb5 28. cxb5 Kd6 29. Rac1 Kd7 30. bxc6+ Kd6 31. R5c4 Kd5 32. c7 Rf7 33. Kf2 Kd6 34. g3 Rfxc7 35. Rxc7 Rxc7 36. Bf4+ Kd5 37. Rxc7 g5 38. Bd2 h5 39. a4 Kd6 40. Rc4 Ke5 41. a5 g4 42. a6 h4 43. a7 h3 44. a8Q gxf3 45. Rc5+ Kd6 46. Qc6+ Ke7 47. Rb5 Kd8 48. Rb7 e5 49. Qd7# 1-0